000 00467nam a2200181Ia 4500
001 24855
005 20260414151111.0
008 260414t2010||||xx |||||||||||||| ||spa||
041 _aESP
082 _a346
_bL64
100 _aLimodio, Gabriel
_eAUT
245 0 _aTransformaciones del derecho privado :
_baportes para el bicentenario patrio
260 _c2010
300 _a250 páginas :
_c21 cm.
650 _aDER
654 _aCDE
942 _cLIB
_dJUS
_fJUS
_2ddc
_n
999 _c24855
_d24855